Statistics for Nazi's by picture

Click here to take the quiz!

General Stats

  • This quiz has been taken 232 times
  • The average score is 7 of 16

Answer Stats

Answer% Correct
Adolf Hitler
99%
Heinrich Himmler
94%
Joseph Goebbels
91%
Hermann Göring
80%
Rudolf Hess
66%
Reinhard Heydrich
51%
Adolf Eichman
46%
Albert Speer
44%
Josef Mengele
43%
Martin Bormann
41%
Ernst Röhm
38%
Hans Frank
16%
Arthur Seyss-Inquart
12%
Heinrich Müller
9%
Theodor Morrell
5%
Dietrich Eckart
4%

Score Distribution

Percentile by Number Answered

Percent of People with Each Score

Your Score History

You have not taken this quiz